[Event "WchT Seniors 65"]
[Site "Prague"]
[Date "2020.03.06"]
[Round "1.15"]
[White "Mozna Hojdarova, Eva"]
[Black "Boehnisch, Manfred"]
[Result "1/2-1/2"]
[WhiteElo "1907"]
[BlackElo "2246"]
[PlyCount "91"]
[EventDate "2020.03.06"]
[EventType "team-swiss"]
[EventRounds "7"]
[EventCountry "CZE"]
[SourceTitle "CBM 195 Extra"]
[Source "ChessBase"]
[SourceDate "2020.05.31"]
[SourceVersion "1"]
[SourceVersionDate "2020.05.31"]
[SourceQuality "1"]
[WhiteTeam "Czech Republic 65 (W)"]
[BlackTeam "Germany 65 VII"]
[WhiteTeamCountry "CZE"]
[BlackTeamCountry "GER"]

1. d4 d5 2. Nf3 Nf6 3. g3 Bg4 4. Bg2 Nbd7 5. 0-0 e6 6. Nbd2 Be7 7. h3 Bh5 8. c4 c6 9. b3 0-0 10. Bb2 a5 11. a4 h6 12. Kh2 Ne4 13. cxd5 Nxd2 14. Qxd2 exd5 15. Ne5 Re8 16. Nxd7 Qxd7 17. e3 Bg6 18. Bc3 Bd8 19. Rae1 Bc7 20. Bf3 Be4 21. Bxe4 dxe4 22. Qe2 Qd5 23. Qc4 Qf5 24. Qe2 h5 25. h4 Qg4 26. Qxg4 hxg4 27. Kg2 Red8 28. Rc1 Rd5 29. Rc2 f6 30. Rfc1 Kf7 31. Kf1 Ke6 32. Ke2 Bd6 33. Be1 g6 34. Bc3 Ra6 35. Be1 g5 36. hxg5 Rxg5 37. Bd2 Rh5 38. Be1 Kd7 39. Bd2 Rh2 40. Kf1 Ba3 41. Rd1 Rh5 42. Ke2 Rb6 43. Rb1 Bd6 44. Rcb2 Bb4 45. Bxb4 Rxb4 46. Kd2 1/2-1/2

[Event "Oberliga Ost-A 1920"]
[Site "Germany"]
[Date "2019.11.17"]
[Round "3.2"]
[White "Cerveny, Martin"]
[Black "Boehnisch, Manfred"]
[Result "1-0"]
[WhiteElo "2375"]
[BlackElo "2246"]
[PlyCount "83"]
[EventDate "2019.09.29"]
[EventType "team-tourn"]
[EventRounds "11"]
[EventCountry "GER"]
[SourceTitle "EXT 2021"]
[Source "ChessBase"]
[SourceDate "2020.10.23"]
[SourceVersion "1"]
[SourceVersionDate "2020.10.23"]
[SourceQuality "1"]
[WhiteTeam "Aue Nickelhuette II"]
[BlackTeam "Leipzig SG II"]
[WhiteTeamCountry "GER"]
[BlackTeamCountry "GER"]

1. d4 d5 2. c4 c6 3. Nf3 Nf6 4. e3 g6 5. Nc3 Bg7 6. Bd2 0-0 7. Rc1 Ne4 8. cxd5 Nxd2 9. Nxd2 cxd5 10. Qb3 e6 11. f4 Nd7 12. Bd3 b6 13. 0-0 Bb7 14. Rc2 Qe7 15. a4 a6 16. Rfc1 Rfc8 17. Nf3 Bf8 18. Na2 Qd6 19. g4 Rxc2 20. Rxc2 Rc8 21. Rxc8 Bxc8 22. g5 Qc6 23. h4 Bd6 24. Kf2 Kg7 25. Nc3 Bb7 26. h5 gxh5 27. Ne2 f5 28. Qd1 Nf8 29. Ng3 Qe8 30. Nh4 Be7 31. Nxh5+ Kh8 32. Ng3 Bc6 33. Qc1 b5 34. a5 Bd6 35. Nf3 Bd7 36. Qh1 Ng6 37. Nh5 Be7 38. Nf6 Bxf6 39. gxf6 Qg8 40. Ng5 Be8 41. Qh6 Bd7 42. Be2 1-0

[Event "WchT Seniors 65"]
[Site "Rhodes"]
[Date "2019.04.20"]
[Round "5.8"]
[White "Carlsson, Ingvar"]
[Black "Boehnisch, Manfred"]
[Result "0-1"]
[WhiteElo "2119"]
[BlackElo "2287"]
[PlyCount "102"]
[EventDate "2019.04.16"]
[EventType "team-swiss"]
[EventRounds "9"]
[EventCountry "GRE"]
[SourceTitle "CBM 190 Extra"]
[Source "ChessBase"]
[SourceDate "2019.07.15"]
[SourceVersion "1"]
[SourceVersionDate "2019.07.15"]
[SourceQuality "1"]
[WhiteTeam "Sweden II"]
[BlackTeam "Stiftung BSW/DBAG"]
[WhiteTeamCountry "SWE"]
[BlackTeamCountry "GER"]

1. e4 c6 2. d4 d5 3. f3 e6 4. Nc3 Qb6 5. a3 Nf6 6. Bg5 c5 7. Bb5+ Bd7 8. Bxd7+ Nbxd7 9. Nge2 cxd4 10. Nxd4 dxe4 11. fxe4 Rd8 12. Nb3 Nc5 13. Qe2 Nxb3 14. cxb3 Be7 15. b4 a6 16. Be3 Qc6 17. Bf2 Nd7 18. 0-0 Ne5 19. Bg3 Bf6 20. Qh5 Ng6 21. e5 Be7 22. Qe2 0-0 23. Kh1 Rd4 24. Rf2 Rfd8 25. Raf1 Nh8 26. b5 axb5 27. Qxb5 Qxb5 28. Nxb5 Rd3 29. Nd6 Bxd6 30. exd6 f6 31. Rc2 e5 32. Rc7 b5 33. Rb7 Rd5 34. Kg1 Nf7 35. Be1 Nxd6 36. Rb6 Nc4 37. Rb7 Nxb2 38. Ba5 R8d7 39. Rb8+ Kf7 40. Rb1 Nc4 41. Bb4 e4 42. Kf2 e3+ 43. Ke2 Rf5 44. Rf1 Rxf1 45. Kxf1 Rd1+ 46. Ke2 Rg1 47. Rxb5 Rxg2+ 48. Kd3 e2 49. Rb7+ Kg6 50. Kxc4 Rg4+ 51. Kd3 Rxb4 0-1

[Event "WchT Seniors 65"]
[Site "Rhodes"]
[Date "2019.04.16"]
[Round "1.11"]
[White "Khandsuren, Sandagdorj"]
[Black "Boehnisch, Manfred"]
[Result "0-1"]
[WhiteElo "1954"]
[BlackElo "2287"]
[PlyCount "172"]
[EventDate "2019.04.16"]
[EventType "team-swiss"]
[EventRounds "9"]
[EventCountry "GRE"]
[SourceTitle "CBM 190 Extra"]
[Source "ChessBase"]
[SourceDate "2019.07.15"]
[SourceVersion "1"]
[SourceVersionDate "2019.07.15"]
[SourceQuality "1"]
[WhiteTeam "Mongolia (Women)"]
[BlackTeam "Stiftung BSW/DBAG"]
[WhiteTeamCountry "MGL"]
[BlackTeamCountry "GER"]

1. e4 c6 2. d4 d5 3. exd5 cxd5 4. Bd3 Nc6 5. c3 Nf6 6. Bg5 g6 7. Bxf6 exf6 8. Qe2+ Be7 9. Nf3 0-0 10. 0-0 a6 11. Nbd2 Re8 12. Qd1 Qd6 13. Re1 Nd8 14. Nf1 Ne6 15. g3 f5 16. Qb3 f4 17. Re5 Nc7 18. Rae1 fxg3 19. fxg3 b5 20. Qc2 Bg4 21. Qf2 Bf6 22. Rxe8+ Rxe8 23. Rxe8+ Nxe8 24. N1d2 Nc7 25. Kg2 Kg7 26. Qe3 Bc8 27. a3 Qd7 28. Nf1 Qh3+ 29. Kg1 Ne6 30. N1d2 h5 31. Ne5 h4 32. Bf1 Qf5 33. Bd3 Qg5 34. Qxg5 Bxg5 35. Nef3 Be3+ 36. Kg2 hxg3 37. hxg3 Ng5 38. b3 Bh3+ 39. Kh2 Bg4 40. Kg2 f5 41. a4 Ne4 42. Nf1 Bc1 43. axb5 axb5 44. Bxb5 Nxc3 45. Bc6 Ne2 46. Bxd5 Bxf3+ 47. Kxf3 Nxd4+ 48. Kf2 Kf6 49. Ne3 Ke5 50. Bf7 g5 51. Nc4+ Kf6 52. Bd5 Nxb3 53. Ke2 g4 54. Kd1 Bh6 55. Ke2 Nd4+ 56. Kf2 Nb5 57. Kg2 Nc7 58. Bb7 Ne6 59. Nb2 Nc5 60. Bc6 Be3 61. Nc4 Bd4 62. Kf1 Ne6 63. Kg2 Ba7 64. Kf1 Bb8 65. Kg2 Nd4 66. Ba4 Ne2 67. Bc2 Nxg3 68. Ne3 Kg5 69. Bd3 f4 70. Nf1 f3+ 71. Kf2 Nh5 72. Nd2 Ba7+ 73. Kf1 Kf4 74. Nxf3 gxf3 75. Ke1 Ng3 76. Kd2 Bb6 77. Bc4 Ba5+ 78. Kd1 Ke3 79. Bd5 Ne4 80. Bc4 Nc3+ 81. Ke1 Nb1+ 82. Kd1 Kf2 83. Ba6 Nc3+ 84. Kc2 Ke1 85. Bb7 f2 86. Bg2 Ne2 0-1

[Event "Oberliga Ost-A 1819"]
[Site "Germany"]
[Date "2019.02.02"]
[Round "6.2"]
[White "Jaeger, Dominik"]
[Black "Boehnisch, Manfred"]
[Result "0-1"]
[WhiteElo "2268"]
[BlackElo "2259"]
[PlyCount "78"]
[EventDate "2018.10.21"]
[EventType "team-tourn"]
[EventRounds "11"]
[EventCountry "GER"]
[SourceTitle "EXT 2020"]
[Source "ChessBase"]
[SourceDate "2019.10.17"]
[SourceVersion "1"]
[SourceVersionDate "2019.10.17"]
[SourceQuality "1"]
[WhiteTeam "Magdeburg Rochade"]
[BlackTeam "Leipzig SG II"]
[WhiteTeamCountry "GER"]
[BlackTeamCountry "GER"]

1. d4 d5 2. c4 c6 3. Nc3 Nf6 4. Nf3 dxc4 5. a4 Bf5 6. e3 e6 7. Bxc4 Bb4 8. 0-0 Nbd7 9. Qe2 Bg4 10. h3 Bh5 11. Rd1 Bxc3 12. bxc3 Ne4 13. Qc2 Ng5 14. Be2 Bxf3 15. Bxf3 Nxf3+ 16. gxf3 0-0 17. Rb1 b6 18. Ba3 Re8 19. f4 Qh4 20. Kh2 Nf6 21. Rg1 Rad8 22. c4 Rd7 23. Rg5 Red8 24. Rbg1 g6 25. Bb2 Ne8 26. R1g4 Qh6 27. Qe4 Nf6 28. Qxc6 Nxg4+ 29. Rxg4 Qf8 30. Qb5 Qd6 31. Ba1 Qa3 32. Bb2 Qd3 33. Rg5 f6 34. Rg1 Kf7 35. Qb4 Rc7 36. c5 bxc5 37. dxc5 Qc2 38. Bd4 Qxf2+ 39. Rg2 Qf3 0-1

[Event "Wch Seniors 65 28th"]
[Site "Bled"]
[Date "2018.11.20"]
[Round "3"]
[White "Hohler, Peter"]
[Black "Boehnisch, Manfred"]
[Result "0-1"]
[WhiteElo "2048"]
[BlackElo "2261"]
[PlyCount "78"]
[EventDate "2018.11.18"]
[EventType "swiss"]
[EventRounds "11"]
[EventCountry "SLO"]
[SourceTitle "CBM 187 Extra"]
[Source "ChessBase"]
[SourceDate "2018.11.04"]
[SourceVersion "1"]
[SourceVersionDate "2018.11.04"]
[SourceQuality "1"]

1. d4 Nf6 2. c4 e6 3. Nf3 Bb4+ 4. Nbd2 b6 5. e3 Bb7 6. Bd3 c5 7. 0-0 cxd4 8. Nxd4 Nc6 9. Nxc6 Bxc6 10. a3 Be7 11. b3 d5 12. Bb2 Rc8 13. Qe2 0-0 14. Rac1 Bb7 15. Rfd1 Qd6 16. Nf3 Rfd8 17. Bc2 Qb8 18. cxd5 Rxd5 19. Rxd5 Bxd5 20. Bd1 Rxc1 21. Bxc1 Qb7 22. Bb2 h6 23. Qc2 Ne4 24. Be2 b5 25. b4 Nd6 26. Ne1 a6 27. Qc3 f6 28. Bf3 Nc4 29. Bc1 e5 30. Bxd5+ Qxd5 31. Qd3 Qc6 32. Qc2 e4 33. Qe2 Qd5 34. Nc2 Qd3 35. Kf1 f5 36. Nd4 Qb1 37. Qc2 Nxa3 38. Qc8+ Bf8 39. Ne6 Qd3+ 0-1

[Event "Oberliga Ost-A 1718"]
[Site "Germany"]
[Date "2018.04.15"]
[Round "11.3"]
[White "Boehnisch, Manfred"]
[Black "Becker, Michael"]
[Result "1-0"]
[WhiteElo "2297"]
[BlackElo "2286"]
[PlyCount "69"]
[EventDate "2017.10.22"]
[EventType "team-tourn"]
[EventRounds "11"]
[EventCountry "GER"]
[SourceTitle "EXT 2019"]
[Source "ChessBase"]
[SourceDate "2018.10.10"]
[SourceVersion "1"]
[SourceVersionDate "2018.10.10"]
[SourceQuality "1"]
[WhiteTeam "Leipzig SG"]
[BlackTeam "Halle USV"]
[WhiteTeamCountry "GER"]
[BlackTeamCountry "GER"]

1. e4 c5 2. Nf3 g6 3. c3 Nf6 4. e5 Nd5 5. d4 cxd4 6. cxd4 Bg7 7. Nc3 Nxc3 8. bxc3 0-0 9. Be2 Nc6 10. 0-0 d6 11. exd6 Qxd6 12. a4 Bf5 13. Ba3 Qc7 14. Nd2 Rfd8 15. Bf3 Rac8 16. Re1 e5 17. d5 Na5 18. Bb4 Nc4 19. Nxc4 Qxc4 20. d6 Bd3 21. Bxb7 Rb8 22. Qf3 e4 23. Bxe4 Rxb4 24. cxb4 Bxa1 25. Bxd3 Qd4 26. Re7 f5 27. Bf1 Qf6 28. Qd5+ Kh8 29. Re6 Qd4 30. Qb7 Qb6 31. Qe7 Bd4 32. a5 Qb8 33. d7 Bc3 34. h3 Rg8 35. Qf7 1-0

[Event "Oberliga Ost-A 1718"]
[Site "Germany"]
[Date "2018.02.25"]
[Round "8.3"]
[White "Salzmann, Peter"]
[Black "Boehnisch, Manfred"]
[Result "1/2-1/2"]
[WhiteElo "2139"]
[BlackElo "2297"]
[PlyCount "48"]
[EventDate "2017.10.22"]
[EventType "team-tourn"]
[EventRounds "11"]
[EventCountry "GER"]
[SourceTitle "EXT 2019"]
[Source "ChessBase"]
[SourceDate "2018.10.10"]
[SourceVersion "1"]
[SourceVersionDate "2018.10.10"]
[SourceQuality "1"]
[WhiteTeam "Dresden USV TU II"]
[BlackTeam "Leipzig SG"]
[WhiteTeamCountry "GER"]
[BlackTeamCountry "GER"]

1. c4 c6 2. g3 d5 3. cxd5 cxd5 4. Nf3 Nc6 5. d4 Nf6 6. Bg2 e6 7. 0-0 Bd6 8. Nc3 0-0 9. Bf4 b6 10. Rc1 Bb7 11. Qd3 Rc8 12. Bxd6 Qxd6 13. Rfd1 h6 14. e3 Nd7 15. Nd2 Ndb8 16. e4 Nb4 17. Qe3 dxe4 18. Ndxe4 Qe7 19. a3 Nd5 20. Nxd5 Bxd5 21. Nc3 Bxg2 22. Kxg2 Nc6 23. d5 exd5 24. Nxd5 Qxe3 1/2-1/2

[Event "Wch Seniors 65 26th"]
[Site "Marianske Lazne"]
[Date "2016.11.29"]
[Round "10"]
[White "Boehnisch, Manfred"]
[Black "Zhelnin, Vladimir V"]
[Result "0-1"]
[WhiteElo "2297"]
[BlackElo "2453"]
[PlyCount "56"]
[EventDate "2016.11.19"]
[EventType "swiss"]
[EventRounds "11"]
[EventCountry "CZE"]
[SourceTitle "CBM 175 Extra"]
[Source "ChessBase"]
[SourceDate "2016.12.12"]
[SourceVersion "1"]
[SourceVersionDate "2016.12.12"]
[SourceQuality "1"]

1. e4 c5 2. Nf3 d6 3. Bb5+ Nd7 4. d4 Ngf6 5. e5 Qa5+ 6. Nc3 Ne4 7. Rb1 a6 8. Bxd7+ Bxd7 9. 0-0 Nxc3 10. bxc3 e6 11. Bf4 Bb5 12. exd6 0-0-0 13. dxc5 Qxc3 14. Rxb5 axb5 15. Ne5 g5 16. Bg3 f5 17. d7+ Kc7 18. Ng6+ f4 19. Nxf8 Rdxf8 20. Qd6+ Kd8 21. Bxf4 gxf4 22. Rd1 Rhg8 23. Qb8+ Ke7 24. Qxb7 Rd8 25. Qc6 Qe5 26. g3 fxg3 27. hxg3 Rg5 28. Rd6 Rh5 0-1

[Event "Wch Seniors 65 26th"]
[Site "Marianske Lazne"]
[Date "2016.11.28"]
[Round "9"]
[White "Boehnisch, Manfred"]
[Black "Werner, Clemens"]
[Result "1/2-1/2"]
[WhiteElo "2297"]
[BlackElo "2325"]
[PlyCount "23"]
[EventDate "2016.11.19"]
[EventType "swiss"]
[EventRounds "11"]
[EventCountry "CZE"]
[SourceTitle "CBM 175 Extra"]
[Source "ChessBase"]
[SourceDate "2016.12.12"]
[SourceVersion "1"]
[SourceVersionDate "2016.12.12"]
[SourceQuality "1"]

1. d4 d5 2. Nf3 Nf6 3. c4 c6 4. cxd5 cxd5 5. Nc3 Nc6 6. Bf4 Bf5 7. e3 e6 8. Bd3 Bxd3 9. Qxd3 Bd6 10. Bxd6 Qxd6 11. 0-0 0-0 12. Rac1 1/2-1/2

[Event "Wch Seniors 65 26th"]
[Site "Marianske Lazne"]
[Date "2016.11.23"]
[Round "5"]
[White "Boehnisch, Manfred"]
[Black "Furman, Boris"]
[Result "1-0"]
[WhiteElo "2297"]
[BlackElo "2207"]
[PlyCount "115"]
[EventDate "2016.11.19"]
[EventType "swiss"]
[EventRounds "11"]
[EventCountry "CZE"]
[SourceTitle "CBM 175 Extra"]
[Source "ChessBase"]
[SourceDate "2016.12.12"]
[SourceVersion "1"]
[SourceVersionDate "2016.12.12"]
[SourceQuality "1"]

1. e4 c5 2. Nf3 Nc6 3. Bb5 g6 4. 0-0 Bg7 5. Re1 Nf6 6. c3 0-0 7. h3 d5 8. e5 Ne8 9. d4 cxd4 10. cxd4 Nc7 11. Bxc6 bxc6 12. Nc3 f6 13. Na4 g5 14. Qc2 g4 15. hxg4 Bxg4 16. exf6 exf6 17. Nh2 f5 18. Be3 Bh5 19. f3 Ne6 20. Rad1 Qd6 21. Nc5 Rae8 22. Nxe6 Rxe6 23. Bf2 Rg6 24. Qe2 Kh8 25. Qe7 Qb8 26. Re6 Rxe6 27. Qxe6 Qxb2 28. Qxc6 Qxa2 29. Nf1 Rg8 30. Rd2 Qa5 31. Kh2 Be8 32. Qe6 Qc7+ 33. g3 Qc1 34. Qe2 Bh5 35. Kg2 Re8 36. Qb5 Qc4 37. Qd7 Bh6 38. f4 Rg8 39. Qxf5 Bg6 40. Qe5+ Bg7 41. Qe2 Be4+ 42. Kg1 Qc6 43. Qh5 Rb8 44. Rd1 Qc3 45. Nd2 Bc2 46. Re1 Bg6 47. Qxd5 Qxd2 48. f5 Re8 49. Rxe8+ Bxe8 50. Qe6 Qc1+ 51. Kg2 Bb5 52. f6 Bf1+ 53. Kh2 Bf8 54. Qe5 Qa3 55. d5 Qd6 56. Qa1 Bc4 57. f7+ Bg7 58. Bd4 1-0

[Event "Wch Seniors 65 26th"]
[Site "Marianske Lazne"]
[Date "2016.11.20"]
[Round "2"]
[White "Blaushtain, Boris"]
[Black "Boehnisch, Manfred"]
[Result "1/2-1/2"]
[WhiteElo "1991"]
[BlackElo "2297"]
[PlyCount "76"]
[EventDate "2016.11.19"]
[EventType "swiss"]
[EventRounds "11"]
[EventCountry "CZE"]
[SourceTitle "CBM 175 Extra"]
[Source "ChessBase"]
[SourceDate "2016.12.12"]
[SourceVersion "1"]
[SourceVersionDate "2016.12.12"]
[SourceQuality "1"]

1. c4 c6 2. d4 d5 3. e3 Nf6 4. Nc3 g6 5. Bd3 Bg7 6. Nf3 0-0 7. 0-0 Bg4 8. h3 Bxf3 9. Qxf3 e6 10. cxd5 cxd5 11. Bd2 Nc6 12. Rac1 Rc8 13. Bb1 Ne8 14. b3 Nd6 15. Qe2 f5 16. f4 Rf7 17. Kh2 Bf8 18. Na4 b6 19. Nb2 Ne4 20. Nd3 Ba3 21. Rxc6 Rxc6 22. Ne5 Nxd2 23. Qxd2 Rfc7 24. Nxc6 Rxc6 25. Bd3 Qc7 26. Kg1 Bc1 27. Qe2 Rc3 28. Rf3 b5 29. g3 a6 30. Kg2 Qd6 31. h4 h5 32. Rf1 Qb4 33. Rf3 Kg7 34. Rf1 Kf6 35. Rf2 Ke7 36. Kf3 Kd6 37. Qd1 Rc7 38. Re2 Rc3 1/2-1/2

[Event "WchT Seniors 65"]
[Site "Radebeul"]
[Date "2016.07.03"]
[Round "8.1"]
[White "Boehnisch, Manfred"]
[Black "Sveshnikov, Evgeny"]
[Result "0-1"]
[WhiteElo "2302"]
[BlackElo "2509"]
[PlyCount "100"]
[EventDate "2016.06.26"]
[EventType "team-swiss"]
[EventRounds "9"]
[EventCountry "GER"]
[SourceTitle "CBM 173 Extra"]
[Source "ChessBase"]
[SourceDate "2016.08.29"]
[SourceVersion "1"]
[SourceVersionDate "2016.08.29"]
[SourceQuality "1"]
[WhiteTeam "Leipzig Schachfreunde"]
[BlackTeam "Russia 65+"]
[WhiteTeamCountry "GER"]
[BlackTeamCountry "RUS"]

1. e4 c5 2. Nf3 Nc6 3. Bb5 e6 4. Bxc6 bxc6 5. e5 f6 6. 0-0 fxe5 7. Nxe5 Nf6 8. b3 d6 9. Ng4 Be7 10. Bb2 0-0 11. Nxf6+ Bxf6 12. Bxf6 Qxf6 13. Nc3 e5 14. Qh5 Qf4 15. Qe2 Bf5 16. d3 Rae8 17. Ne4 Re6 18. Qe3 Qxe3 19. fxe3 Bxe4 20. Rxf8+ Kxf8 21. dxe4 Rh6 22. g3 Ke7 23. Rd1 Rf6 24. Rd3 Kd7 25. Rc3 Kc7 26. Kg2 Kb6 27. Rc4 g5 28. g4 h6 29. a3 a5 30. a4 d5 31. Rc3 d4 32. Rd3 c4 33. bxc4 dxe3 34. Rxe3 Kc5 35. h3 Rf4 36. Kg3 Kxc4 37. Rd3 Rxe4 38. Rd6 c5 39. Rxh6 Re3+ 40. Kf2 Rc3 41. Rh5 Rxc2+ 42. Ke3 Kd5 43. Rxg5 Rc3+ 44. Kf2 Rxh3 45. Rg8 Ra3 46. g5 Rxa4 47. g6 Rg4 48. Kf3 Rg5 49. g7 Kc4 50. Ke4 a4 0-1

[Event "WchT Seniors 65"]
[Site "Radebeul"]
[Date "2016.06.30"]
[Round "5.1"]
[White "Boehnisch, Manfred"]
[Black "Westerinen, Heikki MJ"]
[Result "1/2-1/2"]
[WhiteElo "2302"]
[BlackElo "2308"]
[PlyCount "35"]
[EventDate "2016.06.26"]
[EventType "team-swiss"]
[EventRounds "9"]
[EventCountry "GER"]
[SourceTitle "CBM 173 Extra"]
[Source "ChessBase"]
[SourceDate "2016.08.29"]
[SourceVersion "1"]
[SourceVersionDate "2016.08.29"]
[SourceQuality "1"]
[WhiteTeam "Leipzig Schachfreunde"]
[BlackTeam "Finland"]
[WhiteTeamCountry "GER"]
[BlackTeamCountry "FIN"]

1. e4 e6 2. d4 d5 3. Nc3 dxe4 4. Nxe4 Bd7 5. Nf3 Bc6 6. Neg5 Bd6 7. Bd3 Nf6 8. Ne5 0-0 9. Nxc6 Nxc6 10. Nf3 Nb4 11. Bc4 c5 12. c3 Nc6 13. 0-0 cxd4 14. Nxd4 Nxd4 15. Qxd4 Qc7 16. h3 Rfd8 17. Qh4 Be7 18. Bb3 1/2-1/2

[Event "WchT Seniors 65"]
[Site "Radebeul"]
[Date "2016.06.26"]
[Round "1.1"]
[White "Boehnisch, Manfred"]
[Black "Schroeter, Helmut"]
[Result "1-0"]
[WhiteElo "2302"]
[BlackElo "2073"]
[PlyCount "119"]
[EventDate "2016.06.26"]
[EventType "team-swiss"]
[EventRounds "9"]
[EventCountry "GER"]
[SourceTitle "CBM 173 Extra"]
[Source "ChessBase"]
[SourceDate "2016.08.29"]
[SourceVersion "1"]
[SourceVersionDate "2016.08.29"]
[SourceQuality "1"]
[WhiteTeam "Leipzig Schachfreunde"]
[BlackTeam "Dresden TuR"]
[WhiteTeamCountry "GER"]
[BlackTeamCountry "GER"]

1. e4 e5 2. Nf3 Nc6 3. Nc3 Nf6 4. Bb5 d6 5. d4 exd4 6. Nxd4 Bd7 7. Bxc6 bxc6 8. Qf3 c5 9. Nf5 Bxf5 10. exf5 Rb8 11. 0-0 Be7 12. b3 0-0 13. Rd1 Re8 14. Bb2 Qc8 15. h3 c6 16. Ne2 d5 17. Ng3 d4 18. c3 c4 19. cxd4 cxb3 20. axb3 Qb7 21. Rd3 Nd5 22. Ne4 Qb6 23. Ba3 Bxa3 24. Rxa3 Qb4 25. Ra1 f6 26. Nc5 Re1+ 27. Rxe1 Qxe1+ 28. Kh2 Re8 29. Ne6 Qb4 30. Qg4 Re7 31. Rg3 Qb7 32. Qh5 Qd7 33. Rg4 Nc7 34. Nc5 Qd6+ 35. g3 Qd5 36. Rf4 Re1 37. Qf3 Qxf3 38. Rxf3 Nd5 39. Rd3 Re2 40. Kg2 Kf7 41. Kf3 Re7 42. Rd1 Nc3 43. Ra1 Nb5 44. Ne6 Rd7 45. Ra6 g6 46. g4 h5 47. Rxc6 Rxd4 48. fxg6+ Kxg6 49. Nf4+ Kf7 50. Nxh5 Rd3+ 51. Kg2 Rxb3 52. Rxf6+ Ke7 53. Ra6 Ra3 54. Rh6 a5 55. g5 Nd6 56. g6 Nf5 57. Rh7+ Kd6 58. g7 Nh4+ 59. Kf1 Ra1+ 60. Ke2 1-0

[Event "BL2-Ost 1516"]
[Site "Germany"]
[Date "2016.03.13"]
[Round "4.5"]
[White "Boehnisch, Manfred"]
[Black "Lammers, Markus"]
[Result "1/2-1/2"]
[WhiteElo "2291"]
[BlackElo "2324"]
[PlyCount "84"]
[EventDate "2015.09.20"]
[EventType "team-tourn"]
[EventRounds "9"]
[EventCountry "GER"]
[SourceTitle "EXT 2017"]
[Source "ChessBase"]
[SourceDate "2016.10.25"]
[SourceVersion "1"]
[SourceVersionDate "2016.10.25"]
[SourceQuality "1"]
[WhiteTeam "Leipzig SG"]
[BlackTeam "Zugzwang MSA"]
[WhiteTeamCountry "GER"]
[BlackTeamCountry "GER"]

1. e4 c5 2. Nf3 e6 3. g3 Nc6 4. Bg2 Nf6 5. Qe2 Be7 6. 0-0 d5 7. exd5 exd5 8. d4 cxd4 9. Nbd2 Bg4 10. Nb3 Qb6 11. a4 0-0 12. Qb5 Rfc8 13. Qxb6 axb6 14. Nfxd4 Nxd4 15. Nxd4 Rc4 16. c3 Rcxa4 17. Rxa4 Rxa4 18. Bg5 h6 19. Be3 Ra2 20. Rb1 Bd7 21. Bf1 Ng4 22. Bf4 Bf6 23. Bd3 Ne5 24. Bc2 Nc4 25. Bb3 Ra8 26. Bc2 b5 27. Bf5 Be8 28. b3 Na3 29. Rd1 b4 30. cxb4 Nb5 31. Be3 Ra3 32. Bc2 Ra2 33. Nxb5 Bxb5 34. Rxd5 Bc6 35. Rd2 g6 36. f3 Bc3 37. Rf2 Be1 38. Rf1 Bxb4 39. Bd3 g5 40. Rf2 Ra1+ 41. Kg2 Rd1 42. Bf5 Bc3 1/2-1/2

[Event "BL2-Ost 1516"]
[Site "Germany"]
[Date "2016.01.31"]
[Round "8.7"]
[White "Hansch, Karsten"]
[Black "Boehnisch, Manfred"]
[Result "1-0"]
[WhiteElo "2263"]
[BlackElo "2324"]
[PlyCount "187"]
[EventDate "2015.09.20"]
[EventType "team-tourn"]
[EventRounds "9"]
[EventCountry "GER"]
[SourceTitle "CBM 171 Extra"]
[Source "ChessBase"]
[SourceDate "2016.04.26"]
[SourceVersion "1"]
[SourceVersionDate "2016.04.26"]
[SourceQuality "1"]
[WhiteTeam "Magdeburg"]
[BlackTeam "Leipzig SG"]
[WhiteTeamCountry "GER"]
[BlackTeamCountry "GER"]

1. c4 c6 2. g3 Nf6 3. Bg2 d5 4. Nf3 dxc4 5. 0-0 Nbd7 6. a4 Nc5 7. Qc2 Qd5 8. Nc3 Qh5 9. b4 cxb3 10. Qd1 e5 11. d4 exd4 12. Nxd4 Bh3 13. Nxb3 Ng4 14. f3 Nxb3 15. Qxb3 Bc5+ 16. e3 Nxh2 17. Rf2 Bxg2 18. Kxg2 Rd8 19. Ne4 Be7 20. Ba3 Qd5 21. Qxd5 cxd5 22. Bxe7 Kxe7 23. Nc3 Nxf3 24. Rxf3 Rd7 25. Rd1 Rhd8 26. Rf4 Ke6 27. Rfd4 f5 28. Ne2 Ke5 29. Rh1 g6 30. Nf4 b6 31. Rhd1 Rd6 32. Kf3 R8d7 33. Nd3+ Ke6 34. Kf4 h6 35. Kf3 g5 36. Nb4 Ke5 37. Rh1 Rf6 38. Rc1 a5 39. Nd3+ Ke6 40. Rc8 Rff7 41. Rc6+ Rd6 42. Rc2 Rdd7 43. Rb2 Rd6 44. Rh2 Rh7 45. Nb2 Rc6 46. Rd1 Rc3 47. Rd3 Rxd3 48. Nxd3 Kd6 49. Rb2 Kc6 50. Ne1 Rc7 51. Nc2 Kb7 52. Nd4 Rc4 53. Ra2 f4 54. gxf4 gxf4 55. Kxf4 Ka6 56. Ra3 Rc8 57. Kg4 Rc1 58. Nb5 Kb7 59. Ra2 Rg1+ 60. Kf5 h5 61. Ke5 Rg5+ 62. Kd6 h4 63. Rh2 Rh5 64. Rh3 Ka6 65. Kc6 Re5 66. Rxh4 Rxe3 67. Rh7 Re6+ 68. Kxd5 Re5+ 69. Kc4 Re4+ 70. Nd4 Re1 71. Rh2 Ra1 72. Kb3 Rb1+ 73. Rb2 Rd1 74. Nb5 Rh1 75. Rc2 Rh4 76. Rc8 Rh3+ 77. Kc4 Rh4+ 78. Nd4 Kb7 79. Rf8 Rh7 80. Nf5 Rc7+ 81. Kd4 Rd7+ 82. Ke5 Kc6 83. Rc8+ Kb7 84. Rc4 Rd1 85. Nd6+ Ka6 86. Rc8 Ka7 87. Rc7+ Ka8 88. Nc4 Rb1 89. Kd5 b5 90. axb5 Rxb5+ 91. Kc6 Kb8 92. Rh7 Rg5 93. Nb6 Rg6+ 94. Kb5 1-0

[Event "Wch Seniors 65 25th"]
[Site "Acqui Terme"]
[Date "2015.11.18"]
[Round "8"]
[White "Boehnisch, Manfred"]
[Black "Sorensen, Bent"]
[Result "1-0"]
[WhiteElo "2291"]
[BlackElo "2151"]
[PlyCount "75"]
[EventDate "2015.11.10"]
[EventType "swiss"]
[EventRounds "11"]
[EventCountry "ITA"]
[SourceTitle "CBM 169 Extra"]
[Source "ChessBase"]
[SourceDate "2015.12.18"]
[SourceVersion "1"]
[SourceVersionDate "2015.12.18"]
[SourceQuality "1"]

1. e4 e6 2. d4 d5 3. Nc3 Bb4 4. exd5 exd5 5. Bd3 Nc6 6. a3 Bxc3+ 7. bxc3 Nge7 8. Qh5 Be6 9. Rb1 b6 10. Nf3 Qd7 11. Ng5 g6 12. Qf3 0-0-0 13. 0-0 Rdf8 14. Nxe6 fxe6 15. Qe2 Nf5 16. Re1 Re8 17. Bf4 Nd6 18. Be5 Nxe5 19. dxe5 Nb7 20. Bb5 c6 21. Ba6 Kb8 22. Bxb7 Kxb7 23. a4 Ka8 24. c4 Rhf8 25. g3 Rb8 26. cxd5 cxd5 27. c4 Qxa4 28. cxd5 exd5 29. e6 Rb7 30. Rbd1 Qc6 31. Qe5 Re7 32. Rxd5 Kb7 33. Rd6 Qf3 34. Qd4 Rc8 35. Rd7+ Rc7 36. Rxc7+ Kxc7 37. Rc1+ Kb7 38. Qd8 1-0